00519nam a22001577a 4500020001500000040000900015082001800024100002900042110004400071245003000115260003300145650004600178942001200224999001900236952010600255 a0071189823 cNUST a621.3822bSAL aSalivahanan, S. 9103764 aVallavaraj, A. Gnanapriya, C. 9125266 aDigital Signal Processing aBoston,bMcGraw-Hill,c2000. aSignal processing Digital techniques9697 2ddccBK c611031d611031 00102ddc4070aCEMEbCEMEcGENd2024-08-21l0o621.3822 SALpCEME-36270r2024-08-21w2024-08-21yBK